00748nam a2200205 450000500170000001000150001702000260003203500140005803700130007208200080008524501340009326000420022727001410026930000360041070000170044670000160046370000270047970000180050670000180052420191217143126.0 aENG-127168 a9789389552331c799.00 aEN-110700 bDBAD/PUB a000 aCTET paper I :cby Sandeep Kumar ...[et al ]bchild development and pedogogy, english, hindi, mathematics environment studies / aNoidabPearson India Education c2020 a15th Floor, Tower-B, World Trade Tower, Plot No. 1 Block- C, Sector-16bNoida, Uttar Pradeshe201301mcompanysecretary.india@pearson.com axvii;various paging.c25cm(pbk) aSahni, Geeta aLalit Kumar aGautam, Akhilesh Kumar aHaneet Gandhi aSharma, Yukti